[Event "World Cup"]
[Site "Khanty-Mansiysk"]
[Date "2009.11.25"]
[Round "2.2"]
[White "Svidler, Peter"]
[Black "Nyback, Tomi"]
[Result "1-0"]
[WhiteElo "2754"]
[BlackElo "2628"]
[Annotator "Postny,E"]
[PlyCount "81"]
[EventDate "2009.11.21"]
[EventType "k.o."]
[EventRounds "7"]
[EventCountry "RUS"]
[SourceTitle "CBM 134"]
[Source "ChessBase"]
[SourceDate "2010.01.18"]
[SourceVersion "1"]
[SourceVersionDate "2010.01.18"]
[SourceQuality "1"]

1. e4 e5 2. Nf3 Nc6 3. Bb5 a6 4. Ba4 Nf6 5. O-O Be7 6. Re1 b5 7. Bb3 O-O 8. h3
{This is one of the ways to avoid the Marshall attack.} Bb7 9. d3 {In this
line White does not pretend for a real opening advantage, hoping to outplay
the opponent in a long-term manoeuvering battle.} d6 10. a4 Na5 11. Ba2 c5 12.
Nbd2 b4 {There is nothing wrong with this move, but Black does not have to
play this immediatly. Possible alternatives are 12...Qc7 played by Beliavsky,
or 12...Nc6 employed by Kasimdzhanov.} 13. c3 Rc8 14. Nf1 (14. cxb4 cxb4 15.
Nf1 d5 16. exd5 b3 17. Bxb3 Nxb3 18. Qxb3 Bxd5 (18... Qxd5 $6 19. Qxd5 Nxd5 20.
Nxe5 $14 {1/2-1/2 Svidler,P (2728)-Aronian,L (2744)/Wijk aan Zee 2007/CBM 117 
(32)}) 19. Qd1 e4 20. dxe4 Nxe4 21. Qe2 Re8 22. Rd1 Qa5 23. Ne3 Ba8 $44 {
1/2-1/2 Svidler,P (2728)-Anand,V (2779)/Monte Carlo 2007/CBM 117 ext (27)})
14... bxc3 15. bxc3 c4 16. Bg5 {The next day Svidler clinched another victory
in rapid, even though Nyback had a satisfactory position.} (16. Ng3 cxd3 17.
Qxd3 Nd7 18. Be3 Nc5 19. Bxc5 Rxc5 20. Nf5 Qc7 21. Red1 Rd8 $11 {1-0 Svidler,P
(2754)-Nyback,T (2628)/Khanty-Mansiysk RUS 2009/The Week in Chess 786 (41)})
16... cxd3 17. Qxd3 Qc7 18. Ng3 g6 $6 {It's understandable to cover the
f5-square against the annoying knight jump, however this move is the source
for Black's troubles as it weakens the dark squares.} (18... h6 $1 19. Bd2 (19.
Bxf6 Bxf6 20. Nf5 Rfd8 21. Rad1 Bc6 $11 22. Nxd6 $4 Nb7 $19) 19... Nc4 20. Nf5
Nxd2 21. Nxd2 g6 22. Nxh6+ $6 (22. Nxe7+ Qxe7 $11) 22... Kg7 23. Qe3 (23. Nxf7
Rxf7 24. Bxf7 Kxf7 $15) 23... Qxc3 (23... Nh5 $1 $15 {[%cal Gh5f4]}) 24. Qg5
Rh8 25. Nf5+ Kf8 26. Nxe7 Kxe7 {White can't really get the wandering king,
even though this looks risky for Black.}) 19. Rab1 Bc6 $6 {Black shouldn't
neglect the Pa6.} (19... Rfd8 20. Be3 Nd7 $14) 20. Bh6 Rfd8 21. Be3 {[%cal
Ge3b6]} (21. Ng5 d5 22. Qxa6 Ba8 $1 $132 {[%csl Rc3]}) ({Doesn't work:} 21. Nf5
$2 gxf5 22. Nxe5 dxe5 23. Qg3+ Ng4 24. exf5 Kh8 25. hxg4 Bd5 $17) 21... Nd7 22.
Qxa6 Nc5 $6 (22... Ra8 {looks more logical, but White keeps the advantage
anyway by:} 23. Qe2 (23. Qd3 $6 Nb7 $1 {[%cal Gb7c5]}) 23... Nb7 24. Nh2 $1
Nbc5 25. Ng4 Bf8 26. Qf3 Ne6 27. a5 $1 Qxa5 28. Bxe6 fxe6 29. Nf6+ Kg7 30. Bg5
$16) (22... Bxa4 $2 23. Bb6 $1 Nxb6 24. Qxa5 Rb8 25. Rxb6 Rxb6 26. Qxa4 $18)
23. Bxc5 dxc5 24. Bd5 $1 $16 Ra8 (24... Bxa4 25. Nxe5 Qxe5 26. Qxa5 $16) 25.
Qe2 Bxd5 26. exd5 Rxd5 27. Nxe5 Bf8 28. Ng4 {Now the weakness of the dark
squares near the black monarch becomes very apparent.} Bg7 29. Ne4 Rdd8 30.
Nef6+ Kh8 (30... Bxf6 31. Nxf6+ Kg7 32. Ng4 h5 33. Ne3 {was the least of the
evils for Black. He is a pawn down, but at least his king is not in such a
danger as in the game.}) 31. Ne8 $1 Qf4 32. g3 Qf5 {Allowing the elegant
combination that now follows.} (32... Qc4 33. Qe7 Nc6 34. Qc7 Rxe8 35. Rxe8+
Rxe8 36. Qxc6 {should be lost for Black, but was more stubborn.}) {[%tqu "En",
"Please enter a move for White.","","","e8d6","",20]} 33. Nd6 $3 {[%mdl 128]}
Rxd6 {[%tqu "En","Continue the combination.","","","e2e8","",10]} 34. Qe8+ $1
Rxe8 35. Rxe8+ Bf8 36. Rxf8+ Kg7 37. Rbb8 Rd1+ 38. Kh2 Rh1+ (38... f6 39. Rg8+
Kf7 40. Nh6+ $18) 39. Kxh1 Qd5+ 40. Kg1 f5 41. Rfd8 {Brilliant game by Svidler!
} 1-0

[Event "Belgrade RAD 30"]
[Site "Belgrade"]
[Date "1977.01.15"]
[Round "1.5"]
[White "Matulovic, Milan"]
[Black "Velimirovic, Dragoljub"]
[Result "1-0"]
[WhiteElo "2510"]
[BlackElo "2525"]
[Annotator "Primel,D"]
[PlyCount "69"]
[EventDate "1977.01.15"]
[EventType "tourn"]
[EventRounds "13"]
[EventCountry "SRB"]
[EventCategory "9"]
[SourceTitle "EXT 2018"]
[Source "ChessBase"]
[SourceDate "2017.10.13"]
[SourceVersion "1"]
[SourceVersionDate "2017.10.13"]
[SourceQuality "1"]
[TimeControl "40/9000:16/5400:0"]

1. e4 e5 2. Nf3 Nc6 3. Bb5 a6 4. Ba4 Nf6 5. O-O Be7 6. Re1 b5 7. Bb3 O-O 8. a4
{VELIMIROVIC serait probablement très à l'aise en jouant le gambit d5} (8. c3
d5) 8... Bb7 9. d3 Na5 ({La grande ligne} 9... Re8 10. Nc3 (10. Nbd2)) 10. Ba2
d6 11. Bd2 (11. Nc3) (11. Nbd2 {[%cal Gd2f1,Gf1g3]}) 11... c5 (11... Nc6 12.
Nc3 {[%csl Gd5]} Na7 13. d4 $1 exd4 14. Nxd4 b4 15. Nd5 Nxd5 16. exd5 a5 17. c3
Bf6 18. Qg4 bxc3 19. Bxc3 Nc8 20. Rac1 Nb6 21. Nc6 Bxc6 22. dxc6 d5 23. Bb1 g6
24. Qf4 Bxc3 25. Rxc3 Re8 26. Rce3 Rxe3 27. Rxe3 Nc4 {1/2-1/2 (27) Keres,
P-Ivkov,B Belgrade 1956}) 12. Bxa5 $5 {L'idée de la ligne secondaire Bd2} Qxa5
13. axb5 $1 {[%cal Ga1a5,Ga2f7] L'idée cachée pour justifier de donner la
paire de B} Qb6 $6 $146 {Un sacrifice risqué} (13... Qxb5 14. Na3 Qd7 15. Nc4
Bd8 16. Bb3 Bc7 17. Qd2 Nh5 18. Ne3 g6 19. g3 Bd8 20. Rf1 Kg7 21. Qe2 Qh3 22.
Kh1 f5 23. Be6 Ra7 24. Qd1 Nf6 25. exf5 Kh8 26. Ra4 Nh5 27. Bd5 Bxd5 28. Nxd5
Rxf5 29. Ne3 Rf8 30. Ng1 Qd7 31. Qg4 Qb7+ 32. f3 Nf6 33. Qe6 Qc6 34. Rfa1 Re8
35. Qh3 d5 36. Qg2 e4 37. dxe4 dxe4 38. f4 a5 39. Nc4 Qe6 40. Re1 Rb7 41. Nh3
Bc7 42. b3 Rb5 43. Ng5 {Toennemann,W-Bierwisch,B Germany 1975 1-0}) 14. bxa6
Rxa6 15. Na3 $1 Qxb2 16. Bc4 Raa8 (16... Rxa3 17. Rb1 Qc3 18. Rxb7 $36 {
[%csl Gb7,Gc4]}) 17. Rb1 Qxa3 18. Rxb7 Ra7 19. Qb1 $14 {[%csl Gc4,Rf7][%cal
Gf3g5]} Bd8 $6 (19... Qa5 $5 {[%csl Gb6] Un moindre mal pour éviter Qb6} 20.
Qb2 {[%cal Ge1b1]}) 20. Ng5 $36 {[%csl Rf7]} Be7 21. Qb6 $1 Rxb7 22. Qxb7 Qb4
$6 23. Rb1 $1 $32 Qxb7 24. Rxb7 $40 {La Rf8 est immobilisée à la défense de
la faiblesse "f7"} d5 $1 25. Bb3 Bd6 (25... h6 26. Nf3 {[%csl Rf7][%cal Gf3e5]}
) 26. Bxd5 Nxd5 27. exd5 h6 28. Ne4 Rd8 29. Nxd6 Rxd6 30. c4 $18 {[%csl Rc5,
Gd5][%cal Gb7c7]} Ra6 31. Kf1 Kf8 32. Rb5 Ra2 33. Rxc5 Ke8 34. Rb5 Rd2 35. Rb3
1-0

[Event "New York op"]
[Site "New York"]
[Date "1997.??.??"]
[Round "?"]
[White "Psakhis, Lev"]
[Black "Mitkov, Nikola"]
[Result "1-0"]
[WhiteElo "2610"]
[BlackElo "2485"]
[Annotator "Psakhis,L"]
[PlyCount "97"]
[EventDate "1997.04.02"]
[EventType "swiss"]
[EventRounds "9"]
[EventCountry "USA"]
[SourceTitle "CBM 057 Extra"]
[Source "ChessBase"]
[SourceDate "1997.05.01"]
[SourceVersion "1"]
[SourceVersionDate "1997.05.01"]
[SourceQuality "1"]

1. e4 e5 2. Nf3 Nc6 3. Bb5 a6 4. Ba4 Nf6 5. O-O Be7 6. Re1 b5 7. Bb3 O-O 8. h3
Bb7 9. d3 Re8 (9... h6 10. Nc3 $5 d6 11. a3 Re8 12. Ba2 Bf8 13. Nh4 $5 b4 14.
axb4 Nxb4 15. Bb3 d5 16. exd5 $5 (16. Qf3 g6 17. exd5 Nbxd5 18. Nxd5 Nxd5 19.
Qe4 Bg7 20. Ba4 c6 21. Nf3 Kh7 22. Bb3 c5 23. Qc4 Rc8 {Ioseliani-Xie Jun/
Borshomi cfW (7)/1990/0-1/63/}) 16... Nbxd5 17. Nxd5 Bxd5 18. Ba4) 10. a3 h6
11. Nc3 Bf8 12. Bd2 $146 (12. Nd5 Nd4 (12... Na5 13. Ba2 Bxd5 $2 14. exd5 d6 $6
15. b4 Nb7 16. c4 $16) 13. Nxd4 exd4 14. Bf4 d6 15. Bg3 Nxd5 16. exd5 g6 17.
Qd2 Qd7 18. a4 Rxe1+ 19. Qxe1 Re8 20. Qa5 $14 {Wang Zili-Xie Jun/Beijing/1995/
1-0/}) 12... d6 13. Nd5 $5 (13. Ne2 d5) 13... Nb8 (13... Nxd5 14. Bxd5 Rb8 15.
b4 $14) 14. Nxf6+ Qxf6 15. Nh2 $5 Nd7 16. Ng4 (16. Re3 $5 Qh4 17. Rf3 d5 $8 (
17... Nf6 18. Rf5 $1 $18) 18. exd5 (18. Bxd5 Bxd5 19. exd5 Qd4 20. Bc3 Qxd5 $11
) 18... Nf6 19. Rf5 $5 Bc5 $132) 16... Qg6 (16... Qh4 17. Re3 Nc5 18. Rg3 $36)
17. Re3 h5 (17... Be7 $2 18. Rg3 Bg5 19. h4 Bxd2 20. Qxd2 $18) 18. Nh2 (18. Rf3
$6 hxg4 19. Bxf7+ Qxf7 20. Rxf7 Kxf7 21. Qxg4 Nf6 $17) 18... Nc5 19. Rg3 Qh7
20. Ba2 h4 (20... Ne6 $6 21. Nf3) 21. Rf3 Ne6 22. Ng4 Rad8 (22... Qg6 $5) 23.
Rf5 (23. Ba5 Rd7 24. Rf6 $5 Kh8 25. Bxe6 fxe6 26. Rf3 $14) 23... Bc8 24. Bxe6
$1 Rxe6 (24... Bxe6 25. Rh5 Qg6 26. Rg5 Bxg4 27. Qxg4 Qe6 28. Rf5 $14) 25. Rh5
Qg6 26. Rxh4 Ree8 (26... Be7 27. Rh5) 27. Rh5 f6 28. f4 $5 exf4 (28... d5 29.
f5 Qf7 (29... Bc5+ 30. Kh1 Qf7 31. Rh6 $1 dxe4 32. Rxf6 Qd7 33. Rg6) 30. Qf3
dxe4 31. Qg3 Bc5+ 32. Kh1 Kf8 (32... Qe7 33. Nh6+ Kf8 34. Qg6) 33. Rh8+ Ke7 34.
Nxe5 $1 fxe5 35. Qxe5+ Kd7 36. Rxe8 Rxe8 37. Qxc5 $18) 29. Bxf4 c6 30. Qf3 Be6
31. Qg3 Kf7 (31... d5 32. Nxf6+ (32. Rh4 $1 Bc5+ (32... Kf7 33. Bc7 Rd7 34.
Ne5+ $18) (32... Bf7 33. Nh6+ $1) 33. Kh1 Kf8 34. Rf1 $1 dxe4 35. Bc7 $18 Rd7
$140 36. Rh8+ Ke7 37. Nxf6 $18) 32... Qxf6 33. Be5 Bc5+ $1 34. Kh1 Bf2 $1 35.
Bxf6 Bxg3 36. Rg5 Bb8 37. Rxg7+ Kf8 38. Rf1 Rd7 $1) 32. Qh4 d5 $2 $138 (32...
Bxg4) 33. Ne5+ $3 (33. Rg5 fxg5 34. Ne5+ Kg8 $1 (34... Kf6 $2 35. Qf2 $1 Qh7
36. Bxg5+ Kxg5 (36... Kxe5 $2 37. Qg3+ Kd4 38. Be3#) 37. h4+ Qxh4 (37... Kh5
38. Qf3+ Kxh4 39. g3+ Kg5 40. Qf4+ Kh5 41. Qh4#) 38. Nf3+ $18) 35. Bxg5 Bc5+
36. Kh1 Bf2 $1 37. Nxg6 Bxh4 38. Bxh4 Rd7 $13) 33... fxe5 34. Rf1 $6 (34. Bg5
$1 Bc5+ (34... Re7 35. Rf1+ Ke8 36. Rxf8+ Kxf8 37. Bxe7+) 35. d4 $1 Bxd4+ 36.
Kh1 Rd7 37. Rf1+ Bf5 38. Rxf5+ Ke6 39. Qg4 $1 $18) 34... Bxh3 $2 $138 (34...
exf4 $1 35. Rxf4+ Qf6 $1 36. Rxf6+ (36. e5 Qxf4 37. Qxf4+ Kg8) 36... gxf6 37.
Rh7+ Bg7 38. Qh5+ Kf8 $1 (38... Kg8 $2 39. Qg6 Re7 40. e5 $1 fxe5 41. Rxg7+
Rxg7 42. Qxe6+ $18) 39. Qg6 Rd7 $13) 35. Bg5+ (35. Bg3+ $1 Ke6 36. Rxe5+ Kd7
37. Qxh3+ Re6 38. exd5 Bc5+ 39. Kh2 cxd5 40. Rxd5+) 35... Ke6 36. Qxh3+ Kd6 37.
Bxd8 Rxd8 38. Rh8 (38. exd5 $142 $1 cxd5 39. Rxe5 Kxe5 40. Qe3+ Kd6 41. Qb6+)
38... Be7 39. Rxd8+ Bxd8 40. Qf5 $6 Bb6+ 41. Kh2 Qh6+ 42. Qh3 (42. Kg3 $5 $18)
42... Qd2 43. exd5 cxd5 44. Qh5 (44. Rf7 $5) 44... Be3 $8 (44... Bf2 45. Qg6+
Kc5 46. Rxf2) 45. Qg6+ Kc5 46. b4+ Kd4 47. Qc6 $1 Bf4+ 48. Kh3 Ke3 (48... e4
49. Qc5+ Ke5 50. Qc7+ Kf5 (50... Kd4 51. Rxf4) 51. g4+ Kg5 52. Qxg7#) 49. Qxd5
1-0

[Event "FRA-chT Top 16 GpA"]
[Site "Monte Carlo"]
[Date "2006.02.??"]
[Round "?"]
[White "Adams, Michael"]
[Black "Pinter, Jozsef"]
[Result "1-0"]
[WhiteElo "2720"]
[BlackElo "2533"]
[Annotator "RR"]
[PlyCount "71"]
[EventDate "2006.02.03"]
[EventType "team"]
[EventRounds "11"]
[EventCountry "MNC"]
[SourceTitle "EXT 2015"]
[Source "ChessBase"]
[SourceDate "2014.11.20"]
[SourceVersion "1"]
[SourceVersionDate "2014.11.20"]
[SourceQuality "1"]
[WhiteTeam "NAO"]
[BlackTeam "Bischwiller"]
[WhiteTeamCountry "FRA"]
[BlackTeamCountry "FRA"]

1. e4 e5 2. Nf3 Nc6 3. Bb5 a6 4. Ba4 Nf6 5. O-O Be7 6. Re1 b5 7. Bb3 O-O 8. h3
(8. c3) (8. a4) 8... Bb7 9. d3 d6 (9... Re8 {la grande ligne}) (9... d5 {
La dernière mode} 10. exd5 Nxd5 11. c3 {Grischuk,A (2726)-Aronian,L (2750)
World Championship 2007 (3) 1/2}) 10. a3 Qd7 11. Nbd2 Rae8 12. Nf1 Bd8 13. Ng3
Kh8 14. a4 Na5 15. Ba2 b4 16. Be3 $146 ({RR} 16. c3 bxc3 17. bxc3 c5 18. Bg5
Bc6 19. Qc1 Ng8 20. Bxd8 Rxd8 21. d4 Qc7 22. Qa3 Ba8 23. Rad1 Nf6 24. Rd2 Rde8
25. dxc5 dxc5 26. Nh2 Rd8 27. Rxd8 Rxd8 28. Ng4 Nxg4 29. hxg4 g6 30. Qc1 c4 {
Karjakin,S (2635)-Aronian,L (2693)/Warsaw 2005/CBM 108/1/2-1/2 (64)}) 16... c5
17. Nd2 Qc6 18. Nh5 (18. Qf3 $142 $14 {Adams}) 18... Bc8 19. Nxf6 Bxf6 20. Bd5
Qc7 21. c3 bxc3 22. bxc3 Be6 23. Rb1 $14 Rb8 24. Qc2 Bxd5 25. exd5 c4 $6 26.
Rb4 $36 {[%csl Ra5,Gc6]} Rfc8 27. Reb1 Bd8 28. Bb6 $1 Qxb6 29. Rxb6 Bxb6 30.
Ne4 {[%csl Ge4][%cal Ge4d6]} Rd8 31. dxc4 h6 32. Nxd6 Rxd6 33. c5 Rxd5 34. cxb6
Nc4 35. Qe2 Rc5 36. Rb4 {NAO a remporté le match 6-0} 1-0

[Event "POL-chT 66th"]
[Site "Katowice"]
[Date "2010.09.07"]
[Round "4"]
[White "Kryvoruchko, Yuriy"]
[Black "Kravtsiv, Martyn"]
[Result "1/2-1/2"]
[WhiteElo "2635"]
[BlackElo "2559"]
[Annotator "RR"]
[PlyCount "113"]
[EventDate "2010.09.04"]
[EventType "team-tourn"]
[EventRounds "9"]
[EventCountry "POL"]
[SourceTitle "EXT 2016"]
[Source "ChessBase"]
[SourceDate "2015.10.08"]
[SourceVersion "1"]
[SourceVersionDate "2015.10.08"]
[SourceQuality "1"]
[WhiteTeam "Gorzow Wielkopolski"]
[BlackTeam "Prokonex"]
[WhiteTeamCountry "POL"]
[BlackTeamCountry "POL"]

1. e4 e5 2. Nf3 Nc6 3. Bb5 a6 4. Ba4 Nf6 5. O-O Be7 6. Re1 b5 7. Bb3 O-O 8. h3
Bb7 9. d3 d6 10. a3 Na5 11. Ba2 c5 12. Nbd2 Bc8 13. c3 Nc6 14. Nf1 Be6 15. Bxe6
fxe6 16. b4 Ne8 (16... Qd7 17. Ng3 cxb4 18. axb4 a5 19. bxa5 Rxa5 20. Rxa5 Nxa5
21. Bd2 Bd8 22. Qc2 Bc7 23. Qa2 h6 24. Rb1 Ra8 25. Rb4 d5 26. exd5 exd5 27. Ne4
Rf8 28. Nxf6+ Rxf6 29. Be3 Kh7 30. Qb1 Nc6 31. Rxb5 d4 32. cxd4 exd4 33. Bd2
Rxf3 34. gxf3 Qxh3 35. f4 Qg4+ 36. Kf1 Ne7 37. Qe1 Qh3+ 38. Kg1 Qg4+ 39. Kf1
Qh3+ 40. Ke2 Ng6 41. Qf1 Qe6+ 42. Kd1 Qc6 43. Rb4 Bxf4 44. Rxd4 Qf6 45. Rc4
Qa1+ 46. Rc1 {Leko,P (2720)-Beliavsky,A (2617) Porto Carras 2011 1/2-1/2}) 17.
Bb2 Nc7 18. Ne3 Bf6 19. Qe2 Qd7 20. Red1 cxb4 21. axb4 a5 22. bxa5 Rxa5 23.
Rxa5 Nxa5 24. Qc2 Qc6 25. Ba3 Nb7 26. Ng4 Ra8 27. Bb4 Na6 28. Nxf6+ gxf6 29.
Qd2 Rf8 30. Nh2 Nbc5 31. Ng4 $14 {[%csl Rf6,Rh6]} Qe8 32. Bxc5 Nxc5 33. Qe3 (
33. f3 Qg6 34. d4 $16 {[%csl Gd4,Ge4]}) 33... Qg6 34. Rb1 h5 35. Nh2 f5 36.
Rxb5 fxe4 37. dxe4 Nxe4 38. Nf3 Nf6 39. c4 $1 {[%csl Re5][%cal Gc4c5]} Qf5 40.
Nd4 (40. c5 $36 {[%csl Re5]}) 40... Qe4 41. Nxe6 (41. Qg3+ $1 Kh8 42. Nxe6)
41... Qxe3 42. fxe3 Rc8 43. c5 Kf7 44. Ng5+ Kg6 45. cxd6 (45. h4 dxc5 {[%cal
Gc5c1]}) 45... Kxg5 46. Rxe5+ Kg6 47. e4 Rc1+ 48. Kf2 Rd1 49. Re6 Kf7 50. Re7+
Kg6 51. e5 $44 {[%csl Gd6,Ge5]} Ne4+ 52. Kf3 Nc5 53. Re8 Rd3+ 54. Kf4 Rd4+ 55.
Kf3 Rd3+ 56. Kf4 Rd4+ 57. Kf3 1/2-1/2

[Event "Tata Steel-A 79th"]
[Site "Wijk aan Zee"]
[Date "2017.01.29"]
[Round "13"]
[White "Wei, Yi"]
[Black "Wojtaszek, Radoslaw"]
[Result "0-1"]
[WhiteElo "2706"]
[BlackElo "2750"]
[Annotator "Ramirez Alvarez,A"]
[PlyCount "140"]
[EventDate "2017.01.14"]
[EventType "tourn"]
[EventRounds "13"]
[EventCountry "NED"]
[EventCategory "21"]
[SourceTitle "CBM 177"]
[Source "ChessBase"]
[SourceDate "2017.03.16"]
[SourceVersion "1"]
[SourceVersionDate "2017.03.16"]
[SourceQuality "1"]
[TimeControl "40/6000+30:20/3000+30:900+30"]

1. e4 {[%emt 0:00:00]} e5 {[%emt 0:00:04]} 2. Nf3 {[%emt 0:00:00]} Nc6 {
[%emt 0:00:04]} 3. Bb5 {[%emt 0:00:00]} a6 {[%emt 0:00:05]} 4. Ba4 {[%emt 0:00:
00]} Nf6 {[%emt 0:00:05]} 5. O-O {[%emt 0:00:07]} Be7 {[%emt 0:00:05]} 6. Re1 {
[%emt 0:00:07]} b5 {[%emt 0:00:07]} 7. Bb3 {[%emt 0:00:06]} O-O {[%emt 0:00:06]
} 8. a4 {[%emt 0:00:50]} b4 {[%emt 0:00:12]} 9. d4 {[%emt 0:00:13]} d6 {
[%emt 0:00:34]} 10. dxe5 {[%emt 0:00:08]} dxe5 {[%emt 0:00:04]} 11. Nbd2 {
[%emt 0:00:18]} Bc5 {[%emt 0:00:09]} 12. Qe2 {[%emt 0:00:32]} Qe7 {[%emt 0:05:
38]} 13. h3 {[%emt 0:02:30]} h6 {[%emt 0:08:00]} (13... Rd8 14. Nc4 Nd4 15.
Nxd4 Rxd4 16. Be3 Rxe4 17. Qf3 Bb7 18. Na5 Rxe3 19. Qxb7 Rxe1+ 20. Rxe1 Re8 21.
Qxa6 e4 22. Nc4 e3 23. Nxe3 Ne4 24. Qc4 g6 25. Ng4 Nd2 26. Qxf7+ {1-0 (26)
Dominguez Perez,L (2739)-Aronian,L (2785) Doha 2016}) 14. a5 {[%emt 0:09:26]}
Rd8 {[%emt 0:13:08]} 15. Bc4 {[%emt 0:12:04]} Nd4 {[%emt 0:03:10]} 16. Nxd4 {
[%emt 0:00:29]} Bxd4 {[%emt 0:00:05]} 17. Nb3 {[%emt 0:06:29]} Be6 {[%emt 0:19:
35]} 18. Nxd4 {[%emt 0:11:00]} Bxc4 {[%emt 0:00:17]} 19. Nf5 {[%emt 0:25:59]}
Qe6 {[%emt 0:08:00]} 20. Qe3 $146 {[%emt 0:01:56]} (20. Qf3 Kh7 21. b3 Bb5 22.
Qg3 Rg8 23. Qh4 Ne8 24. Bd2 Nd6 25. Qe7 Rge8 26. Qxe6 Rxe6 27. Bxb4 Nxf5 28.
exf5 Ree8 29. Rad1 Bc6 30. Rd3 Rab8 31. Rc3 Bd5 32. Ba3 Rb5 33. Rxc7 Rxa5 34.
Bd6 f6 35. c4 Bg8 36. Re3 e4 37. Rg3 Rxf5 38. Rgxg7+ Kh8 39. Rg6 Rh5 40. g4
Rxh3 41. Kg2 {1-0 (41) Caruana,F (2791)-Tomashevsky,E (2695) Dubai 2014}) 20...
Ne8 {[%emt 0:09:46]} 21. Qc5 {[%emt 0:01:49]} Nd6 {[%emt 0:13:27]} 22. Qxb4 {
[%emt 0:02:28]} Bb5 {[%emt 0:03:39]} 23. Ng3 {[%emt 0:05:59]} c5 {[%emt 0:00:
57]} 24. Qc3 {[%emt 0:03:24]} Rac8 {[%emt 0:04:08]} 25. f4 {[%emt 0:01:44]} Bc6
{[%emt 0:04:26]} 26. f5 {[%emt 0:13:32]} Qe7 {[%emt 0:00:58]} 27. Kh2 {[%emt 0:
00:30]} Nb5 {[%emt 0:04:06]} 28. Qf3 {[%emt 0:00:10]} f6 {[%emt 0:00:12]} 29.
Qf2 {[%emt 0:04:57]} Nd4 {[%emt 0:01:03]} 30. Ra3 {[%emt 0:00:47]} Be8 {
[%emt 0:02:02]} 31. Nf1 {[%emt 0:00:37]} Kf8 {[%emt 0:00:22]} 32. Rg3 {[%emt 0:
00:47]} Qb7 {[%emt 0:01:14]} 33. Rc3 {[%emt 0:02:27]} Bb5 {[%emt 0:02:33]} 34.
Ng3 {[%emt 0:01:45]} Be8 {[%emt 0:00:07]} 35. Nh1 {[%emt 0:00:55]} c4 {[%emt 0:
04:11]} 36. Qh4 {[%emt 0:01:55]} Qf7 {[%emt 0:00:04]} 37. Qf2 {[%emt 0:01:31]}
Ba4 {[%emt 0:00:24]} 38. Rd1 {[%emt 0:00:57]} Qd7 {[%emt 0:02:25]} 39. Rf1 {
[%emt 0:00:30]} Qb7 {[%emt 0:02:45]} 40. Ng3 {[%emt 0:00:00]} Nb5 {[%emt 0:00:
51]} 41. Re3 {[%emt 0:01:27]} Nd4 {[%emt 0:00:28]} 42. Nh5 {[%emt 0:03:09]} Be8
{[%emt 0:07:03]} 43. Qh4 {[%emt 0:08:52]} Bxh5 {[%emt 0:04:03]} 44. Qxh5 {
[%emt 0:00:02]} Qf7 {[%emt 0:00:08]} 45. Qh4 {[%emt 0:00:08]} Nxc2 {[%emt 0:02:
23]} 46. Rg3 {[%emt 0:00:05]} Ke7 {[%emt 0:00:12]} 47. Rg6 {[%emt 0:01:05]} Rd3
{[%emt 0:08:01]} 48. Qg4 {[%emt 0:18:16]} Kf8 {[%emt 0:01:21]} 49. Qh5 {
[%emt 0:01:37]} Ke7 {[%emt 0:00:29]} 50. Qg4 {[%emt 0:10:50]} Kf8 {[%emt 0:00:
55]} 51. Qh5 {[%emt 0:00:11]} Ke7 {[%emt 0:00:06]} 52. Rf3 {[%emt 0:00:51]} Nd4
{[%emt 0:02:41]} 53. Rxd3 {[%emt 0:02:00]} cxd3 {[%emt 0:00:06]} 54. Bd2 {
[%emt 0:01:08]} Ne2 {[%emt 0:16:33]} 55. Qf3 {[%emt 0:03:41]} Rd8 {[%emt 0:00:
17]} 56. Qf2 {[%emt 0:01:24]} Rd4 {[%emt 0:02:21]} 57. Be3 {[%emt 0:02:57]} Rd7
{[%emt 0:01:01]} 58. Bd2 {[%emt 0:00:22]} Rd4 {[%emt 0:02:59]} 59. Be3 {
[%emt 0:00:02]} Kf8 {[%emt 0:04:13]} 60. Qe1 $2 (60. Bxd4 exd4 61. e5 Qc7 (
61... fxe5 62. Rxa6 $5 (62. Qf3 {gives White at least enough counterplay here.}
)) 62. Qf3 $1 Qxe5+ 63. g3 {and the threat of the perpetual cannot be avoided.}
) 60... Rxe4 61. Qd2 Rxe3 (61... Qd5 {was cleaner, but who is counting?}) 62.
Qxe3 Qd7 {Now White has no perpetual possibilities and the pawn on d3 is a
monster. The rook on g6, without the possibilities of breaks on f6, seems
completely stuck and out of place.} 63. Qb6 Nf4 64. Rg3 d2 65. Qb8+ Kf7 66.
Qb3+ Qd5 67. Qd1 e4 68. Qg4 g5 69. fxg6+ Kg7 70. Rc3 Qd6 {Black queens next
move.} 0-1